Gateway to Indian Culture/ (Record no. 185873)

MARC details
000 -LEADER
fixed length control field 00569nam a22001817a 4500
005 - DATE AND TIME OF LATEST TRANSACTION
control field 20220210150357.0
010 ## - LCCN (DPL NO)
LC control number ENG-131509
020 ## - INTERNATIONAL STANDARD BOOK NUMBER
International Standard Book Number 9789386806161
Terms of availability 1495.00
035 ## - SYSTEM CONTROL NUMBER
System control number EN-115041
037 ## - SOURCE OF ACQUISITION
Source of stock number/acquisition DBAD
082 ## - DEWEY DECIMAL CLASSIFICATION NUMBER
Classification number 954
100 ## - MAIN ENTRY--PERSONAL NAME
Personal name Lata, Prem
245 ## - TITLE STATEMENT
Title Gateway to Indian Culture/
Statement of responsibility, etc Prem Lata
260 ## - PUBLICATION, DISTRIBUTION, ETC. (IMPRINT)
Place of publication, distribution, etc New Delhi
Name of publisher, distributor, etc Ishwar Books
Date of publication, distribution, etc 2018
270 ## - ADDRESS
Address B-29, Arya Nagar CGHS Ltd. Plot No. 91, I.P. Extension, Patparganj
City New Delhi
Postal code 110092
Electronic mail address ishwarbooks@gmail.com
300 ## - PHYSICAL DESCRIPTION
Extent v, 288p.
Other physical details Index
Dimensions 25cm(hbk)
942 ## - ADDED ENTRY ELEMENTS (KOHA)
Source of classification or shelving scheme Dewey Decimal Classification
Item type English Books
Classification part 954
Call number suffix LAT
Holdings
Withdrawn status Lost status Not for loan Collection code Home library Current library Date acquired Source of acquisition Cost, normal purchase price Full call number Barcode Copy number Cost, replacement price Koha item type
      Non-fiction Bawana Bawana 10/02/2022 DBAD/PUB 1495.00 954 LAT EN-115041 1 1495.00 English Books

© Delhi Public Library
Hit Counter
free hit counter